| 000 | 01009nam a2200301Ia 4500 | ||
|---|---|---|---|
| 003 | OSt | ||
| 005 | 20221007123719.0 | ||
| 006 | a|||||r|||| 00| 0 | ||
| 007 | ta | ||
| 008 | 221006b |||||||| |||| 00| 0 eng d | ||
| 020 | _a0632053836 (pbk) | ||
| 024 | _a7172 | ||
| 037 |
_bOverseas, _cTextual |
||
| 040 |
_aCDL _cCDL _beng |
||
| 041 |
_2eng _aeng |
||
| 082 | _aE:30aG:55, P0 | ||
| 100 |
_aFifield F W Ed. _9717668 |
||
| 245 | 0 |
_aEnvironmental analytical chemistry ed by F W Fifield and P J Haines _b Haines P J |
|
| 250 | _aEd 2 | ||
| 260 |
_aOxford _bBlackWell Science _c2000 |
||
| 300 |
_axviii,490p _ccm. |
||
| 500 | _aIncludes bibliographical references; Glossary 471-479p; Index 480-490p | ||
| 650 |
_a Analytical Environmental Chemistry _9717669 |
||
| 650 |
_aAnalytical Chemistry irt Environmental Science _9717670 |
||
| 700 |
_a Haines P J _9717671 |
||
| 942 |
_hE:30aG:55, P0 _cTEXL _2CC |
||
| 999 |
_c1212368 _d1212368 |
||